O guarani (Record no. 57111)

MARC details
000 -LÍDER
campo de controle de tamanho fixo 00345 a2200169 4500
001 - NÚMERO DE CONTROLE
campo de controle 57111
020 ## - ISBN - INTERNATIONAL STANDARD BOOK NUMBER
ISBN - International Standard Book Number 9788508124084
040 ## - FONTE DA CATALOGAÇÃO
Instituição que transcreveu o registro Anchieta - Pituba
100 ## - ENTRADA PRINCIPAL--NOME PESSOAL
Nome pessoal Alencar, José de
240 10 - TÍTULO UNIFORME
Título uniforme O guarani
Idioma da obra por
245 10 - TÍTULO
Título O guarani
300 ## - DESCRIÇÃO FÍSICA
Extensão 95
362 0# - DATAS DE PUBLICAÇÃO E/OU DESIGNAÇÃO SEQUENCIAL
Datas de publicação e/ou designação sequencial 2009
440 #1 - DECLARAÇÃO DE SÉRIE/ENTRADA ADICIONADA--TÍTULO
Título Ática
650 #4 - ASSUNTO--TERMO TÓPICO
Cabeçalho tópico ou nome geográfico Literatura juvenil
942 ## - ELEMENTOS DE ENTRADA ADICIONADOS (KOHA)
Tipo de material Koha Livros
Holdings
Situação do descarte Situação das perdas Situação física Não pode ser emprestado Biblioteca de origem Biblioteca atual Data de aquisição Total de empréstimos Código de barras Data de último acesso Data do preço efetivo Tipo de material Koha Número de chamada completo
        Colégio Anchieta - Pituba Colégio Anchieta - Pituba 21/11/2023   6977/PIT 21/11/2023 21/11/2023 Livros  
        Colégio Anchieta - Pituba Colégio Anchieta - Pituba 21/11/2023   17923/PIT 21/11/2023 21/11/2023 Livros 869.93 A368g ALE GUA